[Event "Thessaloniki White Tower op-C 41th"]
[Site "Thessaloniki"]
[Date "2019.01.07"]
[Round "6.29"]
[White "Limaraki, Nikoleta"]
[Black "Akritidis, Sofoklis"]
[Result "0-1"]
[WhiteElo "1000"]
[BlackElo "942"]
[PlyCount "122"]
[EventDate "2019.01.02"]
[EventType "swiss"]
[EventRounds "6"]
[EventCountry "GRE"]
[SourceTitle "EXT 2024"]
[Source "ChessBase"]
[SourceDate "2023.10.10"]
[SourceVersion "1"]
[SourceVersionDate "2023.10.10"]
[SourceQuality "1"]

1. d4 d5 2. Nc3 Nc6 3. Nf3 Nf6 4. Bg5 e6 5. e3 Bb4 6. Qd2 0-0 7. Bb5 Bd7 8. 0-0 Re8 9. Bxc6 Bxc6 10. Qd3 h6 11. Bxf6 Qxf6 12. a3 Bxc3 13. bxc3 a6 14. Ne5 Bb5 15. c4 dxc4 16. Nxc4 Red8 17. a4 Bc6 18. Ne5 Rd6 19. Nxc6 Rxc6 20. Ra2 Rd6 21. Rd1 Rad8 22. Rb2 c5 23. c3 Rd5 24. Qe4 cxd4 25. cxd4 e5 26. Rbd2 exd4 27. Rxd4 Rxd4 28. exd4 b5 29. axb5 axb5 30. d5 b4 31. h3 b3 32. Qb1 b2 33. Rd2 Rb8 34. d6 Qc3 35. Rc2 Qxc2 36. Qxc2 b1Q+ 37. Qxb1 Rxb1+ 38. Kh2 Rd1 39. f4 Rxd6 40. Kg3 Rd5 41. Kh4 g5+ 42. Kg4 gxf4 43. Kxf4 Kg7 44. g4 Kf6 45. h4 Re5 46. h5 Ke6 47. Kg3 Rg5 48. Kf4 f5 49. gxf5+ Rxf5+ 50. Kg4 Kf6 51. Kh4 Rg5 52. Kh3 Kf5 53. Kh4 Kf4 54. Kh3 Rg8 55. Kh4 Rg1 56. Kh3 Kf3 57. Kh2 Kf2 58. Kh3 Kf3 59. Kh2 Rg5 60. Kh1 Kf2 61. Kh2 Rxh5# 0-1